000 00458nam a2200121Ia 4500
008 220616s9999||||xx |||||||||||||| ||und||
100 _aMENDOLA, Daria||PARROCO, Anna Maria
245 0 _aChapter Life satisfaction of refugees living in Germany
546 _aEnglish[eng]
650 _aWell-being||quality of life||asylum seekers||IAB-BAMF-SOEP Survey||of Refugees
856 _uhttps://library.oapen.org/bitstream/20.500.12657/56332/1/16989.pdf
942 _cEB
999 _c19917
_d19917